000 00361nam a2200145Ia 4500
008 230917s9999||||xx |||||||||||||| ||und||
040 _e119741
_aMAIN
041 _aEnglish
082 _a589.2 M474I
100 _aMehrotra, R. S
245 0 _aIntrodution to mycology
260 _aNew Delhi
_bNew age international
_c1990
300 _a766p. p.
942 _cBK
999 _c136639
_d136639